000 00669nam a22002417a 4500
003 UA-OsUOA
001 87714
007 ta
008 20120921b un ||||| |||| 00| 0 ukr d
100 _aБортніков С.
090 _a821.161.2
_bБ83
942 _cBK
040 _aUA-OsUOA
_bukr
_cUA-OsUOA
_dUA-OsUOA
245 _aПідозрюються всі
_bдетективні повісті
300 _a148 с.
955 _a3
041 _aukr
080 _a821.161.2
020 _a5-7707-2326-2
260 _aЛуцьк
_bНадстир'я
_c1993
650 7 _a82 Література. Літературознавство
_2UDC
999 _c373676
_d373676